Sports en image par lettre - Q / R - Statistiques

Statistiques générales
  • Ce quiz a été pris 81 fois
  • Le résultat moyen est 6 sur 12
Statistiques - réponses
Par images Réponse % Correct
Quad
97%
Rugby
97%
Randonnée
81%
Rallye automobile
78%
Rodéo
77%
Rafting
75%
Roller derby
71%
Quidditch
54%
Qi gong
4%
Roundnet
1%
Ringuette
0%
Rugby subaquatique
0%
Aucun quiz correspondant
Distribution des résultats
% des personnes avec chaque résultat
Percentile par nombre de réponses
Votre historique - résultats
Vous n’avez pas pris ce quiz